Länder mit der Farbe grau in der Flagge - Statistiken

Allgemein
  • Dieses Quiz wurde 21 mal gespielt
  • Das Durchschnittsergebnis liegt bei 1 aus 7
Answers on the Grid
Answers color-coded by a green-red scale on the quiz's grid according to % correct below.
Belize
Vereinigtes Königreich
Vatikan
Serbien
Papua-Neuguinea
Äquatorialguinea
Andorra
St. Kitts und Nevis
Paraguay
Uganda
Nicaragua
Vanuatu
Mosambik
Sambia
San Marino
Kenia
Malta
Tuvalu
Slowakei
Lesotho
Guatemala
Uruguay
Haiti
Seychellen
Tadschikistan
Sri Lanka
Mexiko
Indien
Ecuador
Usbekistan
 
Antwortstatistiken
Antwort % Korrekt
Vatikan
59%
Belize
29%
San Marino
24%
Äquatorialguinea
6%
Ecuador
6%
Guatemala
0%
Uganda
0%
Keine übereinstimmenden Quizze gefunden
Verteilung der Resultate
Anzahl Personen mit jedem Resultat
Perzentil nach korrekt beantworteten Fragen
Ihre Resultats-Entwicklung
Sie haben dieses Quiz noch nicht gespielt